Vida fronteriza en la Araucanía: el mito de la guerra de Arauco

Kaydedildi:
Detaylı Bibliyografya
Yazar: Villalobos Rivera, Sergio (Yazar)
Materyal Türü: Kitap
Dil:İspanyolca
Baskı/Yayın Bilgisi: Santiago, Chile Andrés Bello 1995
Konular:
Etiketler: Etiketle
Etiket eklenmemiş, İlk siz ekleyin!

MARC

LEADER 00000nam a2200000 a 4500
001 UCZ9618
003 CL-VaPUC
005 20210604001608.0
008 960308e19950000CL |||||||||||||||||spa|d
999 |c 244834  |d 244832 
040 |c Pontificia Universidad Católica de Valparaíso 
082 0 4 |a 983 VIL 1995  |2 21 
100 0 |a Villalobos Rivera, Sergio  |e author  |9 354620 
245 1 0 |a Vida fronteriza en la Araucanía:  |b  el mito de la guerra de Arauco 
260 |a Santiago, Chile  |b Andrés Bello  |c 1995 
300 |a 215 páginas 
583 |a last modification  |c 19960308 00:00:00  |k Rodrigo Vera 
610 |2 GUERRA DE ARAUCO 
650 0 |a Historia  |x GUERRA DE ARAUCO  |9 255047 
650 7 |a INDIGENAS  |2 CL-VaPUC  |9 258588  |x COSTUMBRES Y TRADICIONES  |z CHILE 
650 0 |a Araucanos  |z REGION DE LA ARAUCANIA  |z CHILE  |9 314060 
852 |a BIBCUR 
942 |c BK  |2 ddc 
945 |d 19960308 00:00:00  |a rbrito 
952 |0 0  |1 0  |2 ddc  |4 0  |6 983_000000000000000_VIL_1995  |7 0  |8 A  |9 259078  |a BIBHIS  |b BIBHIS  |d 2019-11-19  |i 3178250  |o 983 VIL 1995  |p 3178250  |r 2025-01-20  |t 1  |w 2019-11-19  |y BK  |k HIS 
952 |0 0  |1 0  |2 ddc  |4 0  |6 983_000000000000000_VIL_1995  |7 0  |8 A  |9 259079  |a BIBHIS  |b BIBHIS  |d 2019-11-19  |i 3178269  |o 983 VIL 1995  |p 3178269  |r 2025-01-20  |t 2  |w 2019-11-19  |y BK  |k HIS 
952 |0 0  |1 0  |2 ddc  |4 0  |6 983_000000000000000_VIL_1995  |7 0  |8 A  |9 259080  |a BIBHIS  |b BIBHIS  |d 2019-11-19  |i 3208346  |o 983 VIL 1995  |p 3208346  |r 2025-01-20  |t 3  |w 2019-11-19  |y BK  |k HIS